[Event "IECG CP.2002.Q.00021 email"]
[Site "IECG email"]
[Date "2003.10.01"]
[Round "?"]
[White "Bartsch, Christian"]
[Black "Saint Amour, Philippe"]
[Result "0-1"]
[WhiteElo "1818"]
[BlackElo "2088"]
[PlyCount "76"]
[EventDate "2003.10.01"]
[EventType "tourn (corr)"]
[EventRounds "10"]
[SourceTitle "Corr 2008"]
[Source "ChessBase"]
[SourceDate "2008.06.24"]
[SourceVersion "1"]
[SourceVersionDate "2008.06.24"]
[SourceQuality "1"]

1. d4 Nf6 2. Nf3 d5 3. c4 e6 4. Bg5 Be7 5. Nc3 h6 6. Bxf6 Bxf6 7. e4 dxe4 8. Nxe4 Nc6 9. Nxf6+ Qxf6 10. Qd2 b6 11. Be2 Bb7 12. Qe3 0-0-0 13. 0-0-0 Rd6 14. c5 Rd5 15. Bc4 Rh5 16. cxb6 axb6 17. Rhe1 Rd8 18. Qc3 b5 19. Bf1 b4 20. Qc4 Rhd5 21. Kb1 Nxd4 22. Rc1 R8d7 23. Nxd4 Qxd4 24. Qb3 Qb6 25. a4 Rd2 26. Bb5 R7d4 27. Qg3 g5 28. f3 Kb8 29. Qe5 Rxg2 30. Qh8+ Ka7 31. Rc6 Bxc6 32. Bxc6 Qxc6 33. Qxd4+ Qb6 34. Qe5 Qd6 35. Qa5+ Kb7 36. Qb5+ Qb6 37. Qe5 b3 38. Qe4+ Kb8 0-1

[Event "IECG CP.2002.Q.00021 email"]
[Site "IECG email"]
[Date "2003.10.01"]
[Round "?"]
[White "Saint Amour, Philippe"]
[Black "Perico, Antonio"]
[Result "1/2-1/2"]
[WhiteElo "2088"]
[BlackElo "1246"]
[PlyCount "21"]
[EventDate "2003.10.01"]
[EventType "tourn (corr)"]
[EventRounds "10"]
[SourceTitle "Corr 2008"]
[Source "ChessBase"]
[SourceDate "2008.06.24"]
[SourceVersion "1"]
[SourceVersionDate "2008.06.24"]
[SourceQuality "1"]

1. e4 c5 2. Nf3 d6 3. d4 cxd4 4. Nxd4 Nf6 5. Nc3 a6 6. Bg5 e6 7. f4 Nbd7 8. Qf3 Qc7 9. Be2 b5 10. f5 b4 11. fxe6 1/2-1/2

[Event "IECG CP.2002.Q.00021 email"]
[Site "IECG email"]
[Date "2003.10.01"]
[Round "?"]
[White "Walsh, Hector"]
[Black "Saint Amour, Philippe"]
[Result "1-0"]
[WhiteElo "2510"]
[BlackElo "2088"]
[PlyCount "53"]
[EventDate "2003.10.01"]
[EventType "tourn (corr)"]
[EventRounds "10"]
[SourceTitle "Corr 2008"]
[Source "ChessBase"]
[SourceDate "2008.06.24"]
[SourceVersion "1"]
[SourceVersionDate "2008.06.24"]
[SourceQuality "1"]

1. e4 c5 2. Nf3 d6 3. d4 cxd4 4. Nxd4 Nf6 5. Nc3 a6 6. Be3 e5 7. Nb3 Be6 8. Qd2 Nbd7 9. f3 b5 10. g4 Nb6 11. g5 Nfd7 12. Nd5 Rc8 13. 0-0-0 Nxd5 14. exd5 Bf5 15. Bd3 Bxd3 16. Qxd3 Qc7 17. Kb1 Be7 18. h4 a5 19. Qxb5 a4 20. Qxa4 Qxc2+ 21. Ka1 Qe2 22. Qa7 f6 23. Na5 Rb8 24. Rd2 Qxf3 25. Re1 Qg4 26. Nc6 Rc8 27. Qb7 1-0

[Event "IECG WC.2005.S.00012 email"]
[Site "IECG email"]
[Date "2003.05.19"]
[Round "?"]
[White "Saint Amour, Philippe"]
[Black "Gilimshin, Azamat Ulfatovich"]
[Result "0-1"]
[WhiteElo "2123"]
[BlackElo "2565"]
[PlyCount "24"]
[EventDate "2003.05.19"]
[EventType "tourn (corr)"]
[EventRounds "10"]
[SourceTitle "Corr 2008"]
[Source "ChessBase"]
[SourceDate "2008.06.24"]
[SourceVersion "1"]
[SourceVersionDate "2008.06.24"]
[SourceQuality "1"]

1. e4 e6 2. d4 d5 3. Nc3 Bb4 4. e5 c5 5. a3 Bxc3+ 6. bxc3 Ne7 7. Qg4 Qc7 8. Qxg7 Rg8 9. Qxh7 cxd4 10. Ne2 Nbc6 11. f4 dxc3 12. h4 Bd7 0-1

[Event "IECG WC.2005.S.00012 email"]
[Site "IECG email"]
[Date "2003.05.19"]
[Round "?"]
[White "Saint Amour, Philippe"]
[Black "Krueger, Hilmar"]
[Result "1-0"]
[WhiteElo "2123"]
[BlackElo "2300"]
[PlyCount "63"]
[EventDate "2003.05.19"]
[EventType "tourn (corr)"]
[EventRounds "10"]
[SourceTitle "Corr 2008"]
[Source "ChessBase"]
[SourceDate "2008.06.24"]
[SourceVersion "1"]
[SourceVersionDate "2008.06.24"]
[SourceQuality "1"]

1. e4 c5 2. Nf3 d6 3. d4 cxd4 4. Nxd4 Nf6 5. Nc3 a6 6. Be3 e5 7. Nb3 Be7 8. f3 Be6 9. Qd2 h5 10. Be2 d5 11. exd5 Nxd5 12. Nxd5 Qxd5 13. Qxd5 Bxd5 14. 0-0-0 Be6 15. Na5 b5 16. Bd3 f5 17. Rhe1 0-0 18. Bf4 Nd7 19. Nc6 Bh4 20. Bg3 Bxg3 21. hxg3 Rfe8 22. Nxe5 Nxe5 23. Rxe5 g6 24. g4 hxg4 25. fxg4 Kf7 26. gxf5 Bxf5 27. Rxe8 Rxe8 28. Rf1 Ke6 29. Re1+ Kf7 30. Rxe8 Kxe8 31. Bxf5 gxf5 32. Kd2 1-0

[Event "IECG RH.2003.0.00003 email"]
[Site "IECG email"]
[Date "2003.02.28"]
[Round "?"]
[White "Francisco, Vincent Paul"]
[Black "Saint Amour, Philippe"]
[Result "1-0"]
[WhiteElo "2033"]
[BlackElo "2138"]
[PlyCount "67"]
[EventDate "2003.02.28"]
[EventType "tourn (corr)"]
[EventRounds "6"]
[SourceTitle "Corr 2008"]
[Source "ChessBase"]
[SourceDate "2008.06.24"]
[SourceVersion "1"]
[SourceVersionDate "2008.06.24"]
[SourceQuality "1"]

1. e4 c5 2. Nf3 Nc6 3. d4 cxd4 4. Nxd4 g6 5. Be3 Nf6 6. Nc3 Bg7 7. Bc4 0-0 8. Bb3 d6 9. f3 Na5 10. Qd2 Re8 11. 0-0-0 Nxb3+ 12. Nxb3 Be6 13. Kb1 Bc4 14. g4 Nd7 15. Bh6 Bh8 16. h4 Ne5 17. Qf4 b5 18. Nd2 Rc8 19. h5 Nd3 20. Qe3 Nxb2 21. hxg6 hxg6 22. Kxb2 Qb6 23. Qxb6 axb6 24. Nxc4 Rxc4 25. Bd2 Rec8 26. Rxh8+ Kxh8 27. Nd5 Re8 28. Nxb6 Rc6 29. Nd5 f6 30. Bc3 Kg8 31. Bxf6 exf6 32. Nxf6+ Kf7 33. Nxe8 Kxe8 34. Rd5 1-0

[Event "IECG RH.2003.0.00001 email"]
[Site "IECG email"]
[Date "2003.01.13"]
[Round "?"]
[White "Kulczycki, Michael"]
[Black "Saint Amour, Philippe"]
[Result "1-0"]
[WhiteElo "2006"]
[BlackElo "2138"]
[PlyCount "103"]
[EventDate "2003.01.13"]
[EventType "tourn (corr)"]
[EventRounds "7"]
[SourceTitle "Corr 2008"]
[Source "ChessBase"]
[SourceDate "2008.06.24"]
[SourceVersion "1"]
[SourceVersionDate "2008.06.24"]
[SourceQuality "1"]

1. e4 c5 2. Nc3 Nc6 3. Nge2 e5 4. Nd5 Nge7 5. Nec3 Nd4 6. Nxe7 Bxe7 7. Nd5 b6 8. c3 Ne6 9. Bc4 Rb8 10. a4 Bg5 11. Qh5 d6 12. Bb5+ Bd7 13. Qg4 h5 14. Qe2 h4 15. 0-0 Nf4 16. Nxf4 Bxf4 17. d4 Bxc1 18. Rfxc1 exd4 19. Qg4 g6 20. cxd4 h3 21. Qf4 Bxb5 22. axb5 Rh4 23. g4 Rb7 24. f3 Kf8 25. b4 cxd4 26. Rc4 Qe7 27. Rxd4 Qe5 28. Qd2 Rc7 29. Rd1 Qf6 30. Rd3 Re7 31. Rc1 Kg7 32. Rcc3 Rd7 33. Rd5 Rh8 34. g5 Qe6 35. Qd4+ f6 36. Rc6 Rhd8 37. Kf2 Kf7 38. Qxf6+ Qxf6 39. gxf6 Kxf6 40. Kg3 Ke6 41. Kxh3 Rh8+ 42. Kg3 Rh5 43. Rxh5 gxh5 44. Kf4 Rf7+ 45. Ke3 Rg7 46. f4 Kd7 47. Rc2 Ke6 48. f5+ Kf6 49. Rc6 Ke5 50. Rc8 Re7 51. Rd8 h4 52. h3 1-0

[Event "IECG RH.2003.0.00001 email"]
[Site "IECG email"]
[Date "2003.01.13"]
[Round "?"]
[White "Saint Amour, Philippe"]
[Black "Bernal Moro, Luis Javier"]
[Result "1/2-1/2"]
[WhiteElo "2138"]
[BlackElo "2410"]
[PlyCount "74"]
[EventDate "2003.01.13"]
[EventType "tourn (corr)"]
[EventRounds "7"]
[SourceTitle "Corr 2008"]
[Source "ChessBase"]
[SourceDate "2008.06.24"]
[SourceVersion "1"]
[SourceVersionDate "2008.06.24"]
[SourceQuality "1"]

1. e4 c6 2. d4 d5 3. e5 c5 4. dxc5 e6 5. Be3 Nh6 6. Bxh6 gxh6 7. Nd2 Nc6 8. Ngf3 Bxc5 9. Nb3 Bf8 10. Bb5 a6 11. Bxc6+ bxc6 12. 0-0 c5 13. c4 Bb7 14. Re1 Qb6 15. cxd5 Bxd5 16. Qc2 Be7 17. Nbd2 0-0 18. Rac1 Kh8 19. b3 Rg8 20. Ne4 Rg6 21. Ned2 Qb4 22. Ne4 Rag8 23. g3 h5 24. h4 h6 25. Qd2 Qxd2 26. Nexd2 Rg4 27. Kf1 a5 28. Re3 a4 29. Nc4 Rb8 30. Nd6 f5 31. Rxc5 f4 32. Rd3 axb3 33. axb3 fxg3 34. fxg3 Bxb3 35. Kf2 Bd5 36. Rdc3 Rb2+ 37. Rc2 Rgb4 1/2-1/2

[Event "IECG CA.2002.0.00076 email"]
[Site "IECG email"]
[Date "2002.11.27"]
[Round "?"]
[White "Saint Amour, Philippe"]
[Black "Smyth, Peter"]
[Result "0-1"]
[WhiteElo "2032"]
[BlackElo "1966"]
[PlyCount "65"]
[EventDate "2002.11.27"]
[EventType "tourn (corr)"]
[EventRounds "6"]
[SourceTitle "Corr 2008"]
[Source "ChessBase"]
[SourceDate "2008.06.24"]
[SourceVersion "1"]
[SourceVersionDate "2008.06.24"]
[SourceQuality "1"]

1. e4 g6 2. d4 Bg7 3. Nf3 d6 4. Be2 Nf6 5. Nc3 0-0 6. 0-0 c6 7. a4 Qc7 8. a5 e5 9. dxe5 dxe5 10. Be3 Rd8 11. Qc1 Qe7 12. h3 c5 13. Bg5 Nc6 14. Nd5 Qd6 15. Bxf6 Bxf6 16. c3 Bg7 17. Rd1 Qf8 18. Qg5 Be6 19. Bc4 h6 20. Qg3 Rd7 21. a6 bxa6 22. Rxa6 Rd6 23. Ne1 Qd8 24. Qe3 Bf8 25. Rda1 Rb8 26. Nd3 Ne7 27. Nxe5 Nxd5 28. exd5 Rxa6 29. Rxa6 Bxd5 30. Nxf7 Bxf7 31. Bxf7+ Kh7 32. Bxg6+ Kh8 33. Bd3 0-1

[Event "IECG CP.2002.P.00044 email"]
[Site "IECG email"]
[Date "2002.10.01"]
[Round "?"]
[White "Saint Amour, Philippe"]
[Black "Raffaele, Enzo"]
[Result "0-1"]
[WhiteElo "2038"]
[BlackElo "2254"]
[PlyCount "86"]
[EventDate "2002.10.01"]
[EventType "tourn (corr)"]
[EventRounds "6"]
[EventCountry "ITA"]
[SourceTitle "Corr 2008"]
[Source "ChessBase"]
[SourceDate "2008.06.24"]
[SourceVersion "1"]
[SourceVersionDate "2008.06.24"]
[SourceQuality "1"]

1. e4 c5 2. Nf3 d6 3. d4 cxd4 4. Nxd4 Nf6 5. Nc3 a6 6. Bg5 e6 7. f4 Qb6 8. Nb3 Be7 9. Qf3 Nbd7 10. 0-0-0 Qc7 11. Bd3 b5 12. Bxf6 Nxf6 13. g4 b4 14. Ne2 Bb7 15. Ned4 a5 16. g5 Nd7 17. Qh5 g6 18. Qe2 a4 19. Nb5 Qb6 20. Nd2 0-0 21. h4 Nc5 22. h5 b3 23. Bc4 bxa2 24. Bxa2 Rfc8 25. hxg6 fxg6 26. f5 Bxg5 27. Kb1 a3 28. fxg6 h6 29. Nb3 Nxb3 30. Bxb3 axb2 31. Qf1 Rf8 32. Qc4 d5 33. Qc7 Qxc7 34. Nxc7 Bc1 35. Nxa8 Rxa8 36. Rxc1 bxc1Q+ 37. Rxc1 dxe4 38. Bxe6+ Kg7 39. Bf7 h5 40. Rh1 Ra5 41. Rh3 Re5 42. Re3 Bc8 43. c4 h4 0-1